Memoria... sobre los trabajos... desde 1º de octubre de 1868 hasta 31 e diciembre de 1869 / (Record no. 56873)

MARC details
000 -LEADER
campo de control de longitud fija 00594nam a2200169 i 4500
001 - NÚMERO DE CONTROL
campo de control 56873
003 - IDENTIFICADOR DE NÚMERO DE CONTROL
campo de control ES-MaACL
005 - FECHA Y HORA DE LA ÚLTIMA TRANSACCIÓN
campo de control 20230906163447.0
007 - CAMPO FIJO DE DESCRIPCIÓN FÍSICA--INFORMACIÓN GENERAL
campo de control de longitud fija t|
008 - DATOS DE LONGITUD FIJA--INFORMACIÓN GENERAL
campo de control de longitud fija 031014s1870 sp ||||1| spa d
110 2# - ENTRADA PRINCIPAL--NOMBRE DE ENTIDAD CORPORATIVA
Nombre de entidad corporativa o nombre de jurisdicción como elemento de entrada España.
Unidad subordinada Dirección General de Estadística.
9 (RLIN) 3734
245 10 - MENCIÓN DEL TÍTULO
Título Memoria... sobre los trabajos... desde 1º de octubre de 1868 hasta 31 e diciembre de 1869 /
Mención de responsabilidad, etc. por la Dirección General de Estadística.
260 ## - PUBLICACIÓN, DISTRIBUCIÓN, ETC.
Lugar de publicación, distribución, etc. Madrid :
Nombre del editor, distribuidor, etc. Manuel Minuesa,
Fecha de publicación, distribución, etc. 1870.
300 ## - DESCRIPCIÓN FÍSICA
Extensión 563 p., 9 h. pleg. ;
Dimensiones 30 cm.
651 #4 - PUNTO DE ACCESO ADICIONAL DE MATERIA--NOMBRE GEOGRÁFICO
Nombre geográfico España-
Subdivisión de forma Estadísticas.
9 (RLIN) 162174
852 ## - LOCALIZACIÓN
Ubicación ES-MaACL
Número de control de estantería C-12749
Holdings
Estatus retirado Estado de pérdida Estado de daño No para préstamo Colección Biblioteca de origen Biblioteca actual Ubicación en estantería Fecha de adquisición Fuente de adquisición Total de préstamos Signatura topográfica completa Código de barras Visto por última vez Precio de reemplazo Tipo de ítem Koha
        Libros del s. XIX Biblioteca del Ateneo de Madrid Biblioteca del Ateneo de Madrid Sala Palomar 17/01/2008     C-12749 1059719 23/02/2023 23/02/2023 Libro impreso antiguo